000
00288nam a2200109 4500
008
180219b xxu||||| |||| 00| 0 eng d
245
_a
1.7 M drug users in Phl- DDB.
260
_a
Philippines
_b
The Philippine Star
_c
c2016
300
_a
page 12.
650
0
_9
26646
_a
Drugs.
942
_2
ddc
_c
PER
999
_c
8745
_d
8745